AlphaCapitals 3 - Statistics

General Stats
  • This quiz has been taken 17 times
  • The average score is 13 of 15
Answer Stats
AlphaHint Capital % Correct
aaottw / NA Ottawa
100%
kooty / AS Tokyo
100%
aademmrst / E Amsterdam
93%
eefnortw / AF Freetown
93%
2 aakllmpruuu / AS Kuala Lumpur
93%
aaagmnu / NA Managua
93%
aegpru / E Prague
93%
aeijkkrvy / E Reykjavik
93%
aehnrt / AS Tehran
93%
dlnnoo / E London
86%
acmstu / AS Muscat
86%
aahiknss / AF Kinshasa
79%
iiloprt / AF Tripoli
79%
2 abeeinorssu / SA Buenos Aires
71%
aahinor / O Honiara
50%
No matching quizzes found
Score Distribution
Percent of People with Each Score
Percentile by Number Answered
Your Score History
You have not taken this quiz